• AIU
  • Tony Wilmot Memorial Library

Pragmatics : an introduction / (Record no. 38201)

MARC details
000 -LEADER
fixed length control field 00899nam a22002651a 4500
001 - CONTROL NUMBER
control field 1106652
005 - DATE AND TIME OF LATEST TRANSACTION
control field 20170507020003.0
008 - FIXED-LENGTH DATA ELEMENTS--GENERAL INFORMATION
fixed length control field 930104s1993 enka b 001 0 eng
010 ## - LIBRARY OF CONGRESS CONTROL NUMBER
LC control number 93019925
-- 93019925
020 ## - INTERNATIONAL STANDARD BOOK NUMBER
International Standard Book Number 0631186913
020 ## - INTERNATIONAL STANDARD BOOK NUMBER
International Standard Book Number 0631186913
040 ## - CATALOGING SOURCE
Original cataloging agency DLC
Transcribing agency DLC
Modifying agency DLC
050 00 - LIBRARY OF CONGRESS CALL NUMBER
Classification number P99.4.P72
Item number M487 1993
082 00 - DEWEY DECIMAL CLASSIFICATION NUMBER
Classification number P 99.4.P72M487 1993
Edition number 20
100 1# - MAIN ENTRY--PERSONAL NAME
Personal name Mey, Jacob.
245 10 - TITLE STATEMENT
Title Pragmatics : an introduction /
Statement of responsibility, etc Jacob L. Mey.
260 ## - PUBLICATION, DISTRIBUTION, ETC. (IMPRINT)
Place of publication, distribution, etc Oxford, UK ;
-- Oxford, UK :
Name of publisher, distributor, etc Blackwell,
Date of publication, distribution, etc 1993.
300 ## - PHYSICAL DESCRIPTION
Extent xii, 357 p. : ill. ; 24 cm.
504 ## - BIBLIOGRAPHY, ETC. NOTE
Bibliography, etc Includes bibliography and index.
650 #0 - SUBJECT ADDED ENTRY--TOPICAL TERM
Topical term or geographic name as entry element Pragmatics.
906 ## - LOCAL DATA ELEMENT F, LDF (RLIN)
a 7
b cbc
c orignew
d 1
e ocip
f 19
g y-gencatlg
991 ## -
-- c-GenColl
-- P99.4.P72
-- M487 1993
-- 00017219017
-- Copy 1
-- BOOKS
942 00 - ADDED ENTRY ELEMENTS (KOHA)
Koha issues (borrowed), all copies 6
Holdings
Withdrawn status Lost status Source of classification or shelving scheme Damaged status Not for loan Collection code Home library Current library Shelving location Date acquired Cost, normal purchase price Total Checkouts Full call number Barcode Date last seen Date checked out Copy number Price effective from Koha item type Source of acquisition
    Library of Congress Classification     General Circulation AIU/NEGST - Tony Wilmot Memorial Library AIU/NEGST - Tony Wilmot Memorial Library General Stacks 11/17/2009 25.35 6 P 99.4.P72 M487 1993 R06099L3232 09/02/2019 05/06/2017 1 11/17/2009 Books  
    Library of Congress Classification     General Circulation AIU/NEGST - Tony Wilmot Memorial Library AIU/NEGST - Tony Wilmot Memorial Library General Stacks 10/05/2015 32.00 1 P 99.4.P72M487 1993 R33321K3232 02/17/2024 01/31/2024 2 10/05/2015 Books Donation-Prof. Regina Blass